5HLuxD.jpg

KING HENRY VIII SENIOR AND PRIMARY SCHOOL LIBRARY OPAC

Cinderella / (Record no. 2316)

000 -LEADER
fixed length control field 00888pam a2200301 a 4500
001 - CONTROL NUMBER
control field 012976339
003 - CONTROL NUMBER IDENTIFIER
control field Uk
005 - DATE AND TIME OF LATEST TRANSACTION
control field 20230413105638.0
008 - FIXED-LENGTH DATA ELEMENTS--GENERAL INFORMATION
fixed length control field 040816s2004 enka j 000 1 eng
015 ## - NATIONAL BIBLIOGRAPHY NUMBER
National bibliography number GBA461077
Source bnb
016 7# - NATIONAL BIBLIOGRAPHIC AGENCY CONTROL NUMBER
Record control number 012976339
Source Uk
020 ## - INTERNATIONAL STANDARD BOOK NUMBER
International Standard Book Number 0746064179 :
040 ## - CATALOGING SOURCE
Original cataloging agency StDuBDS
Modifying agency Uk
-- KH8
Transcribing agency BL
042 ## - AUTHENTICATION CODE
Authentication code ukblsr
082 04 - DEWEY DECIMAL CLASSIFICATION NUMBER
Classification number 823.914 DAV
Edition number 22
100 1# - MAIN ENTRY--PERSONAL NAME
Personal name Davidson, Susanna.
Relator term Author
245 10 - TITLE STATEMENT
Title Cinderella /
Statement of responsibility, etc. retold by Susanna Davidson ; illustrated by Fabiano Fiorin.
260 ## - PUBLICATION, DISTRIBUTION, ETC.
Place of publication, distribution, etc. London :
Name of publisher, distributor, etc. Usborne,
Date of publication, distribution, etc. 2004.
300 ## - PHYSICAL DESCRIPTION
Extent 48 p. :
Other physical details col. ill. ;
Dimensions 21 cm.
336 ## - CONTENT TYPE
Content type term text
Source rdacontent
337 ## - MEDIA TYPE
Media type term unmediated
Source rdamedia
338 ## - CARRIER TYPE
Carrier type term volume
Source rdacarrier
500 ## - GENERAL NOTE
General note Formerly CIP.
Institution to which field applies Uk
650 #0 - SUBJECT ADDED ENTRY--TOPICAL TERM
Topical term or geographic name entry element Cinderella (Legendary character)
Form subdivision Juvenile fiction.
655 #7 - INDEX TERM--GENRE/FORM
Genre/form data or focus term Fairy tales.
Source of term gsafd
700 1# - ADDED ENTRY--PERSONAL NAME
Personal name Fiorin, Fabiano.
Relator term Illustrator
942 ## - ADDED ENTRY ELEMENTS (KOHA)
Source of classification or shelving scheme
Koha item type Books - Fiction
Holdings
Withdrawn status Lost status Source of classification or shelving scheme Damaged status Not for loan Collection code Permanent Location Current Location Shelving location Date acquired Total Checkouts Total Renewals Full call number Barcode Date due Date last seen Date last checked out Price effective from Koha item type
          Fiction KH8 Primary School Library KH8 Primary School Library Non Fiction 2023-04-13 6 1 823.914 DAV KHPL000004065 2023-10-05 2023-09-15 2023-09-15 2023-04-13 Books - Fiction

Powered By KH8 IT Dept